| 000 | 00559nam a2200133Ia 4500 | ||
|---|---|---|---|
| 008 | 171207s9999 xx 000 0 und d | ||
| 100 | _aCamargo, Blanca A. | ||
| 245 | _aWhat do tourism students know about sustainability and sustainable tourism? An exploratory study of Latin American students | ||
| 245 | _cBlanca A. Camargo & Ulrike Gretzel | ||
| 260 | _c2017 | ||
| 300 | _apages 101-117, April-June 2017 | ||
| 440 |
_aTeaching in Travel & Tourism _v17:2 |
||
| 650 | _aSustainability, Latin America, assessments, tourism education, sustainability pedagogy | ||
| 999 |
_c347524 _d347524 |
||